ぷよぷよのぷよ - Statistics

General Stats
  • This quiz has been taken 14 times
  • The average score is 5 of 6
Answer Stats
Picture Answer % Correct
おじゃまぷよ
100%
きいろぷよ
92%
あおぷよ
92%
あかぷよ
92%
むらさきぷよ
83%
みどりぷよ
75%
No matching quizzes found
Score Distribution
Percent of People with Each Score
Percentile by Number Answered
Your Score History
You have not taken this quiz